00884aab a2200193 i 4500001001000000003001000010005001700020008004100037040001900078041000800097100003000105245006100135300006800196520026300264650003000527773010800557942000800665999001700673768714001CO-MdFUSB20240422105709.0240410t1984 ag ||||| |||| 00| 0 spa d bspacCO-MdFUSB aspa1 aPadilla, C. Renéeautor 3aEl ministerio docente de la iglesiac/ C. René Padilla aVolumen 3, número 4 (diciembre, 1984), página: 150c; 27 cm aPara muchos evangélicos, la reflexión teológica se limita a la escuela dominical o actividades similares, y su enfoque principal está en los niños. Por tanto, se requiere que el ministerio docente de la iglesia aumente para no perder su identidad. 7aTeología doctrinal91790 tIglesia y Misión049402959687gVolumen 3, número 4 (diciembre, 1984), página: 150qpágina: 150 cANA c51535d51535